000 00834nam a2200277 i 4500
001 bg
245 0 0 _aNeural networks for control and systems /
_ced. by K. Warwick, G. W. Irwin and K. J. Hunt.
260 _aLondon :
_bPeter Peregrinus,
_c1992.
300 _aXII, 260 s. :
_brys., wykr. ;
_c24 cm.
490 1 _aIEEE Control Engineering Series ;
_v46
504 _aBibliogr. przy rozdz. - Indeks.
650 9 _aSieci neuronowe
650 9 _aSterowanie
_xteoria
650 9 _aAutomatyka
700 1 _aWARWICK K.,.
_eRed.
700 1 _aIRWIN, G. W.
_eRed.
700 1 _aHUNT, K. J.
_eRed.
830 _aIEEE Control Engineering Series ;
020 _a0863412793
040 _cBPK
041 0 _aen
080 _a681.324:62-52:681.5
920 _a0-86341-279-3
942 _cKS
008 s pl f |000 0 pol
999 _c30221
_d30221
856 _uhttp://koha.tu.koszalin.pl/cgi-bin/koha/opac-detail.pl?biblionumber=30221
_yKatalog online BPK